000 00658cam a22002173a 4500
001 44198
003 PGUSA
005 20140828084017.0
008 131116s2013||||xxu|||||s|||||000 | eng d
040 _aPGUSA
_beng
042 _adc
100 1 _aVigny, Alfred de,
_d1797-1863
245 1 0 _aCinq-Mars, (Tome I of 2) :
_bou, Une conjuration sous Louis XIII
_h[electronic resource] /
_cAlfred de Vigny
260 _bProject Gutenberg,
_c2013
506 _aPublic domain in the USA.
516 _aElectronic text
700 1 _aJeanniot, Pierre Georges
830 0 _aProject Gutenberg
_v44198
856 4 0 _uhttp://www.gutenberg.org/ebooks/44198
942 _cEB
999 _c273449
_d273449